000 00298nam a22001337a 4500
008 170718b xxu||||| |||| 00| 0 eng d
020 _a9781845111342
041 _aeng
080 _a2
100 _a24
101 _aTEO
245 _aISLAM AND DEMOCRACY IN IRAN
_cHOSSEINI, Z.M
942 _2udc
_cBK
999 _c21434
_d21434